000 00579nam a22001697a 4500
003 OSt
005 20260320101626.0
008 260320b |||||||| |||| 00| 0 eng d
040 _cMRSPTU
041 _aEnglish
100 _aSheetal, Supervisor: Dr. Uttam Kumar Mandal
245 _aDevelopment, Optimization And Characterization Of Sustained Release Tablets Of Nicorandil
260 _bDepartment of Pharmacy, MRSPTU, Bathinda
_c2021
650 _aPharmaceutical Sciences and Technology
856 _uhttp://163.47.215.52:8080/jspui/handle/123456789/80
942 _2ddc
_cTH
_n0
999 _c11222
_d11222